Catálogo

Encyclopedia of gardening techniques / (Registro nro. 12556)

Detalles MARC
000 -LEADER
fixed length control field 01085cam a2200301 i 4500
001 - CONTROL NUMBER
control field 12556
003 - CONTROL NUMBER IDENTIFIER
control field Mx-PuUPA
005 - DATE AND TIME OF LATEST TRANSACTION
control field 20241105132315.0
008 - FIXED-LENGTH DATA ELEMENTS--GENERAL INFORMATION
fixed length control field 140415s2022 uk a fr 000 0 eng d
020 ## - INTERNATIONAL STANDARD BOOK NUMBER
International Standard Book Number 9781784728113
040 ## - CATALOGING SOURCE
Original cataloging agency Mx-PuUPA
Transcribing agency Mx-PuUPA
Language of cataloging spa
Modifying agency Mx-PuUPA
Description conventions rda
041 0# - LANGUAGE CODE
Language code of text/sound track or separate title eng
110 2# - MAIN ENTRY--CORPORATE NAME
Corporate name or jurisdiction name as entry element American Horticultural Society
245 10 - TITLE STATEMENT
Title Encyclopedia of gardening techniques /
Statement of responsibility, etc. American Horticultural Society ; editors David J. Ellis, Fiona Gilsenan, Rita Pelczar [y otro]
264 #1 - PRODUCTION, PUBLICATION, DISTRIBUTION, MANUFACTURE, AND COPYRIGHT NOTICE
Place of production, publication, distribution, manufacture London :
Name of producer, publisher, distributor, manufacturer Mitchell Beazley,
Date of production, publication, distribution, manufacture, or copyright notice 2022
336 ## - CONTENT TYPE
Fuente rdacontent
Content type term texto
Content type code txt
337 ## - MEDIA TYPE
Source rdamedia
Media type term sin medio
Media type code n
338 ## - CARRIER TYPE
Source rdacarrier
Carrier type term volumen
Carrier type code nc
650 #7 - SUBJECT ADDED ENTRY--TOPICAL TERM
Source of heading or term armarc
9 (RLIN) 13986
Topical term or geographic name entry element Jardinería
Form subdivision Enciclopedias
650 #7 - SUBJECT ADDED ENTRY--TOPICAL TERM
Source of heading or term armarc
Topical term or geographic name entry element Jardinería
Form subdivision Manuales, etc.,
700 1# - ADDED ENTRY--PERSONAL NAME
Personal name Ellis, David J.,
Relator term editor
700 1# - ADDED ENTRY--PERSONAL NAME
Personal name Gilsenan, Fiona,
Relator term editor
700 1# - ADDED ENTRY--PERSONAL NAME
Personal name Pelczar, Rita,
Relator term editor
942 ## - ADDED ENTRY ELEMENTS (KOHA)
Source of classification or shelving scheme Dewey Decimal Classification
Koha item type Libro
Classification part 635.03
Item part E56
Existencias
Withdrawn status Lost status Source of classification or shelving scheme Damaged status Not for loan Collection code Home library Current library Shelving location Date acquired Source of acquisition Cost, normal purchase price Total Checkouts Full call number Barcode Date last seen Copy number Cost, replacement price Price effective from Koha item type
    Dewey Decimal Classification     Referencia Biblioteca Karol Wojtyla Biblioteca Karol Wojtyla Área de silencio 31/10/2024 2 1085.31   635.03 E56 2022 105413 05/01/2026 Ej.2 1085.31 31/10/2024 Libro R
    Dewey Decimal Classification     Referencia Biblioteca Karol Wojtyla Biblioteca Karol Wojtyla Área de silencio 31/10/2024 2 1085.31   635.03 E56 2022 105412 05/01/2026   1085.31 31/10/2024 Libro R